| 000 | 01854 a2200253 4500 | ||
|---|---|---|---|
| 003 | Nust | ||
| 005 | 20170207154027.0 | ||
| 010 | _a 2004558051 | ||
| 020 | _a0596007019 | ||
| 040 | _cNust | ||
| 082 | 0 | 0 | _a005.133 |
| 100 | 1 | _aDarwin, Ian F. | |
| 245 | 1 | 0 |
_aJava cookbook /(E-BOOK) _cIan F. Darwin. |
| 250 | _a2nd ed. | ||
| 260 |
_aSebastopol, CA : _bO'Reilly, _cc2004. |
||
| 300 |
_axxiv, 829 p. : _bill. ; _c24 cm. |
||
| 500 | _aIncludes index. | ||
| 505 | _aGetting Started: Compiling, Running, And Debugging (Page-21) Interacting With The Environment(Page-53) Strings And Things (Page- 66) Pattern Matching With Regular Expressions (Page-96) Numbers(Page-118) Dates And Times. (Page-152) Structuring Data With Java (Page-172) Object-Oriented Techniques (Page-202) Input And Output (Page-224) Directory And Filesystem Operations(Page-276) Programming Serial And Parallel Ports(Page- 292) Graphics And Sound(Page-320) Graphical User Interfaces (Page-348) Internationalization And Localization(Page-387) Network Clients(Page-406) Server-Side Java: Sockets (Page-431) Network Clients II: Applets And Web Clients(Page-452) Web Server Java: Servlets And JSP(Page-478) Java And Electronic Mail(Page-520) Database Access(Page-559 XML(Page-595) Distributed Java: RMI (Page-609) Packages And Packaging(Page-626) Threaded Java (Page-650) Introspection, Or "A Class Named Class" (Page- 682) Using Java With Other Languages(Page-707) Afterword(Page-727) | ||
| 650 | 0 | _aJava (Computer program language) | |
| 651 | _aJava cookbook /(E-BOOK) | ||
| 856 | 4 | 2 |
_3Contributor biographical information _uhttp://www.loc.gov/catdir/enhancements/fy0912/2004558051-b.html |
| 856 | 4 | 2 |
_3Publisher description _uhttp://www.loc.gov/catdir/enhancements/fy0715/2004558051-d.html |
| 856 | 4 | 2 |
_3Table of contents only _uhttp://www.loc.gov/catdir/enhancements/fy1001/2004558051-t.html |
| 942 |
_2ddc _cBK |
||
| 999 |
_c191925 _d191925 |
||